Sports Quiz

Random Sports or NBA Quiz

First Five: Big 4 Runners-up Quiz Stats

 Plays Quiz Updated Dec 11, 2017

Challenge
Share
Tweet
Embed
Score 0/20 Timer 04:00
0 Plays Today
% Correct
Kansas City Chiefs (1967)
80.6%
Baltimore Colts (1969)
76.4%
Boston Bruins (1927)
74.4%
New York Rangers (1929)
73.9%
Dallas Cowboys (1971)
72.7%
Chicago Cubs (1906)
70.5%
Boston Bruins (1930)
69.3%
Minnesota Vikings (1970)
65%
Chicago Black Hawks (1931)
64.6%
Oakland Raiders (1968)
64.1%
% Correct
New York Knicks (1951)
58.4%
Pittsburg Pirates (1903)
48.3%
Detroit Tigers (1907)
47.5%
Detroit Tigers (1908)
47.5%
Philadelphia Warriors (1948)
46.1%
Philadelphia Athletics (1905)
29.8%
Syracuse Nationals (1950)
26.7%
Montreal Maroons (1928)
17.8%
Chicago Stags (1947)
7.4%
Washington Capitols (1949)
5.1%

You're not logged in!

Compare scores with friends on all Sporcle quizzes.
OR
Log In

You Might Also Like...

Show Comments

Extras

Top Quizzes Today


Score Distribution

Your Account Isn't Verified!

In order to create a playlist on Sporcle, you need to verify the email address you used during registration. Go to your Sporcle Settings to finish the process.

Report this User

Report this user for behavior that violates our Community Guidelines.

Details: